| 000 | 01365nam a2200373 i 4500 | ||
|---|---|---|---|
| 001 | 53808 | ||
| 003 | KOSZ 005 | ||
| 005 | 20220517080012.0 | ||
| 008 | 130116s pl a f |000 0 pol | ||
| 020 | _a9788392714866 | ||
| 040 |
_cKOSZ 005 _aKOSZ 005 _dKOSZ 005/HR |
||
| 041 | 0 | _apol | |
| 046 | _k2009 | ||
| 080 | _a316.64 | ||
| 080 | _a316.344 | ||
| 080 | _a331.5 | ||
| 245 | 0 | 0 |
_aPreferencje edukacyjne i zawodowe uczniów szkół Pomorza Zachodniego / _c[red. Renata Błasiak-Grudzień ; współpr. Paweł Nowak, Natalia Pawlak] ; Wojewódzki Urząd Pracy w Szczecinie, Zachodniopomorskie Obserwatorium Rynku Pracy. |
| 260 |
_aSzczecin : _bWojewódzki Urząd Pracy, _c2009. |
||
| 300 |
_a64 s. : _bil. kolor. ; _c24 cm. |
||
| 380 | _aKsiążki | ||
| 388 | _a2001- | ||
| 648 | 7 | _a2001- | |
| 650 | 4 | _aUczniowie gimnazjów | |
| 650 | 4 | _aUczniowie szkół ponadgimnazjalnych | |
| 650 | 4 | _aWybór zawodu | |
| 650 | 4 | _aWybór kierunku kształcenia | |
| 651 | 4 | _aWojewództwo zachodniopomorskie (1999- ) | |
| 651 | 7 | _aPolska | |
| 655 | 7 | _aMateriały konferencyjne | |
| 658 | _aEdukacja i pedagogika | ||
| 700 | 1 |
_aBłasiak-Grudzień, Renata _eRedakcja |
|
| 856 |
_uhttp://koha.tu.koszalin.pl/cgi-bin/koha/opac-detail.pl?biblionumber=53808 _yKatalog online BPK |
||
| 942 |
_cKS _2UKD |
||
| 999 |
_c53808 _d53808 |
||